| 000 | 00413nam a2200169Ia 4500 | ||
|---|---|---|---|
| 008 | 230917s9999||||xx |||||||||||||| ||und|| | ||
| 020 | _cDL10.95 | ||
| 040 |
_e33128 _aMAIN |
||
| 041 | _aEnglish | ||
| 082 | _a510.2462 K889A | ||
| 100 | _aKreyszig, Erwin | ||
| 245 | 0 | _aAdvanced engineering mathematics | |
| 250 | _a8th ed. | ||
| 260 |
_aNew York _bJohn Wiley _c2000 |
||
| 300 | _axvi, 1156 p. | ||
| 942 | _cBK | ||
| 999 |
_c104832 _d104832 |
||